Tradition of Hindustani music (Record no. 1418)

MARC details
000 -LEADER
fixed length control field 00846 a2200217 4500
008 - FIXED-LENGTH DATA ELEMENTS--GENERAL INFORMATION
fixed length control field 080822t xxu||||| |||| 00| 0 eng d
010 ## - LIBRARY OF CONGRESS CONTROL NUMBER
LC control number ENG-85125
020 ## - INTERNATIONAL STANDARD BOOK NUMBER
International Standard Book Number 8176489999
Terms of availability 595.00
035 ## - SYSTEM CONTROL NUMBER
System control number EN-68658
037 ## - SOURCE OF ACQUISITION
Source of stock number/acquisition D.B.Act / Pub
082 ## - DEWEY DECIMAL CLASSIFICATION NUMBER
Classification number 780.54
100 ## - MAIN ENTRY--PERSONAL NAME
Personal name Sharma, Manorama
245 ## - TITLE STATEMENT
Title Tradition of Hindustani music
Statement of responsibility, etc by Manorama Sharma
260 ## - PUBLICATION, DISTRIBUTION, ETC. (IMPRINT)
Place of publication, distribution, etc New Delhi
Name of publisher, distributor, etc APH Publishing Corporatioon
Date of publication, distribution, etc 2006
270 ## - ADDRESS
Address 5, Ansari Road, Darya Ganj
City New Delhi
Postal code 110 002
Electronic mail address aphbooks@vsnl.net
Telephone number 011 23274050
300 ## - PHYSICAL DESCRIPTION
Extent vii,258p.
Other physical details 21cm. (Hb)
500 ## - GENERAL NOTE
General note Includes bibliographical refrences
710 ## - ADDED ENTRY--CORPORATE NAME
Corporate name or jurisdiction name as entry element .
942 ## - ADDED ENTRY ELEMENTS (KOHA)
Institution code [OBSOLETE] dpl
Koha item type English Books
Call number prefix 780.54 / SHA
Source of classification or shelving scheme Dewey Decimal Classification
Classification part 780.54
Call number suffix SHA
Holdings
Withdrawn status Lost status Damaged status Not for loan Home library Current library Date acquired Cost, normal purchase price Total Checkouts Full call number Barcode Date last seen Copy number Uniform Resource Identifier Cost, replacement price Price effective from Koha item type
        D.B.Act.Division D.B.Act.Division 22/08/2008 595.00   780.54 SHA EN-68658 15/09/2008 1 1490 595.00 15/09/2008 English Books

© Delhi Public Library
Hit Counter
free hit counter